Sein ou Saint ? - Statistiques

Statistiques générales
  • Ce quiz a été pris 15 953 fois
  • Le résultat moyen est 10 sur 15
Statistiques - réponses
Question Réponse % Correct
Peuvent apparaître dans des rêves Les deux
91%
Ont des chapelles qui leur sont dédiées Saints
91%
Font partie du calendrier liturgique Saints
91%
Ont donné leur nom à de nombreuses villes Saints
88%
On en parle souvent le 1er novembre Saints
83%
Font l’objet d’un certain “culte” dans certaines sociétés Les deux
76%
Sont parfois cachés sous des robes longues Les deux
72%
Font couler de l’encre depuis des siècles Les deux
69%
Il faut tous les laver à l’eau bénite Saints
67%
Sont parfois qualifiés de “miraculeux” Les deux
61%
Sont souvent représentés avec une auréole Saints
60%
Se trouvent parfois représentés dans les églises Les deux
57%
Sont souvent doublement appréciés Seins
50%
Ils peuvent avoir un cancer Les deux
46%
Peuvent être lourds à porter Les deux
29%
Aucun quiz correspondant
Distribution des résultats
% des personnes avec chaque résultat
Percentile par nombre de réponses
Votre historique - résultats
Vous n’avez pas pris ce quiz